000 00640nam a2200193Ia 4500
005 20250508163405.0
008 008 250505s9999 xx 000 0 eng d
037 _aTextual
040 _aFEDL
_beng
_cFEDL
041 _aeng
_2eng
084 _a371.97, SRI
_qFEDL
100 _aSrivastava L R N Co.
_9775253
245 0 _aAnnotated bibliography on tribal education in India
245 0 _cTribal Education Unit Department of Adult Education
260 _aNew Delhi, India
_bNational Council of Educational Research and Training
_c1967
300 _aviii,117p
942 _cTEXL
_h371.97, SRI
999 _c1382774
_d1382774